Návrh zdokonalenia procesu vzdelávania a hodnotenia zamestnancov podniku : Bakalárska práca

Gespeichert in:
Bibliographische Detailangaben
1. Verfasser: Holíčková, Miroslava, 1989- (Verfasst von)
Weitere Verfasser: Sablik, Jozef, 1944- (Betreuung Doktorarbeit)
Format: Manuskript Buch
Sprache:Slowakisch
Veröffentlicht: Trnava : STU v Bratislave MTF UIPH, 2011
Schlagworte:
Online-Zugang:VAIS
Tags: Tag hinzufügen
Keine Tags, Fügen Sie das erste Tag hinzu!

MARC

LEADER 00000ntm a22000003a 4500
001 stu228652
005 20160719160556.6
008 110630s2011----xo------------------slo-d
040 |a STU  |b slo 
041 0 |a slo 
044 |a xo 
100 1 |a Holíčková, Miroslava,  |d 1989-  |4 aut  |X 57184  |7 A000057184 
242 0 0 |a Proposal for improving the learning process and rating by employees  |y eng 
245 1 |a Návrh zdokonalenia procesu vzdelávania a hodnotenia zamestnancov podniku :  |b Bakalárska práca 
260 |a Trnava :  |b STU v Bratislave MTF UIPH,  |c 2011 
300 |a 44 s., CD-ROM 
650 7 |a vzdelávanie  |2 stusub 
650 7 |a hodnotenie  |2 stusub 
650 7 |a manažment ľudských zdrojov  |2 stusub 
650 7 |a education  |2 estusub 
650 7 |a evaluation  |2 estusub 
650 7 |a personálna práca v priemyselnom podniku  |2 stusub 
650 7 |a Personnel Policy in Industrial Plant  |2 estusub 
700 1 |a Sablik, Jozef,  |d 1944-  |4 ths  |u M4000  |U MTF Materiálovotechnologická fakulta  |T MTF Ústav priemyselného inžinierstva a manažmentu  |X 324  |U M4000  |Y 84  |7 A000000324 
856 4 |a info a plný text  |u http://is.stuba.sk/zp/portal_zp.pl?podrobnosti=57904  |3 VAIS 
996 |c M*BP-5585  |l MMSKP  |s P  |a 0  |w stu228652_0001